000 00327nam a22001457a 4500
008 230124b ||||| |||| 00| 0 eng d
020 _a9781938891106
041 _aeng
080 _2SECOND EDITION
_a311
082 _a311WAR
100 _a25
101 _aSTATIC
245 _aBEGININS STATISTICS
_cWARREN
942 _2udc
_cBK
999 _c59274
_d59274